| 000 | 00960nam a2200253 4500 | ||
|---|---|---|---|
| 001 | 175466 | ||
| 003 | ES-MaACL | ||
| 005 | 20230906215830.0 | ||
| 008 | 101028s2009 sp af |||| | spa d | ||
| 020 | _a978-84-92565-02-3 | ||
| 080 | _a75.036(460.22)(083.824) | ||
| 080 | _a74.036(460.22)(083.824) | ||
| 110 | 1 |
_aAragón. _bCortes. _91406 |
|
| 245 | 1 | 0 |
_a25 años de arte contemporáneo en las Cortes de Aragón _b: del 21 de abril al 30 de junio de 2009, Palacio de la Aljafería. |
| 246 | 3 | _aVeinticinco años de arte contemporáneo en las Cortes de Aragón | |
| 260 |
_a[Zaragoza] : _bCortes de Aragón, Parlamento, _c[2009] |
||
| 300 |
_a[30] p. : _bprincipalmente il. col. ; _c20 x 20 cm. |
||
| 650 | 7 |
_aPintura- _zAragón- _yS.XX- _vExposiciones. _9143782 |
|
| 655 | 7 |
_2tgfbne _9193628 _aCatálogos de exposiciones |
|
| 710 | 1 |
_aAragón. _bCortes. _91406 |
|
| 852 |
_aES-MaACL _j2283-F-2 |
||
| 942 | _2udc | ||
| 999 |
_c175466 _d175466 |
||